Pronájmy, zvané ekonomické.
Vysvetlenie pojmu ekonomického nájmu a prenájmu, ktorý sa začal objavovať od roku 1985, jeho podstata a zmysel pred transformáciou hospodárstva ČSFR. Obmedzenia a súvislosti nájmu a prenájmu. Motívy, ktoré viedli k rozšíreniu inštitútu ekonomických prenájmov.
Guardado en:
| Autor principal: | |
|---|---|
| Formato: | Capítulo de libro |
| Lenguaje: | checo |
| Materias: | |
| Etiquetas: |
Sin Etiquetas, Sea el primero en etiquetar este registro!
|
MARC
| LEADER | 00000naa a2200000 4500 | ||
|---|---|---|---|
| 001 | r004470 | ||
| 005 | 20221125075903.6 | ||
| 041 | 0 | |a cze | |
| 044 | |a [CS] | ||
| 245 | 1 | 0 | |a Pronájmy, zvané ekonomické. |c A. Cyrner |
| 520 | |a Vysvetlenie pojmu ekonomického nájmu a prenájmu, ktorý sa začal objavovať od roku 1985, jeho podstata a zmysel pred transformáciou hospodárstva ČSFR. Obmedzenia a súvislosti nájmu a prenájmu. Motívy, ktoré viedli k rozšíreniu inštitútu ekonomických prenájmov. | ||
| 610 | 2 | 0 | |a prenájom |
| 610 | 2 | 0 | |a ČSFR |
| 610 | 2 | 0 | |a pojmy |
| 100 | 1 | |a Cyrner, A. | |